Statistics for Places of major assassinations and executions

Click here to take the quiz!

General Stats

  • This quiz has been taken 119 times
  • The average score is 15 of 20

Answer Stats

YearCity% Correct
Charles IKing of England1649London
96%
Louis XVIKing of France1793Paris
96%
Julius CesarRoman Caesar44 BCERome
96%
Franz FerdinandHeir to throne of Austria-Hungary1914Sarajevo
93%
John F. KennedyU.S. President1963Dallas
91%
Mahatma GandhiIndian leader1948New Delhi
91%
John LennonMember of The Beatles1980New York
91%
Abraham LincolnU.S. President1865Washington
91%
Anwar SadatPresident of Egypt1981Cairo
89%
Alexander IICzar of Russia1881St. Petersburg
89%
Yitzhak RabinP. M. of Israel1995Tel Aviv
85%
Olof PalmeP. M. of Sweden1986Stockholm
83%
Leon TrotskyRussian Communist Leader1940Mexico City
80%
Abdullah IKing of Jordan1951Jerusalem
72%
Martin Luther KingU.S. civil rights leader1968Memphis
72%
Robert KennedyU.S. Senator1968Los Angeles
70%
Gianni VersaceItalian fashion designer1997Miami
59%
Nicholas IICzar of Russia1918Yekaterinburg
43%
Benazir BhuttoFormer P. M. of Pakistan2007Rawalpindi
30%
Elisabeth ("Sisi")Empress of Austria-Hungary1898Geneva
26%

Score Distribution

Percentile by Number Answered

Percent of People with Each Score

Your Score History

You have not taken this quiz